000 00741cam a2200253 a 4500
999 _c4995
_d4995
001 4995
003 BD-JhCC
005 20221013134022.0
008 041027r20052003enk j 000 1 eng
020 _a068986101X (cased) :
_c£6.99
035 _a(BD-JhCC)4995
040 _aStDuBDS
_dUk
_dBD-JhCC
041 _aeng
082 0 4 _a823.914
_222
_bRIC 2004
100 1 _aRichards, Justin.
245 1 0 _aShadow beast /
_cby Justin Richards.
260 _aLondon :
_bSimon and Schuster,
_c2005.
300 _a220 p. ;
_c19 cm.
490 1 _aThe Invisible Detective
500 _aOriginally published: London : Pocket, 2003.
650 0 _aDetective and mystery stories.
651 0 _aLondon (England)
_vJuvenile fiction.
942 _2ddc
_cBK
_05